00329nam a2200133Ia 4500008004100000100001500041245004900056250001200105260003400117300000800151650001400159942000700173999001500180190216s9999||||xx |||||||||||||| ||und|| aAbdul Aziz 0aCentral And State Economi Functions In India a1st Ed. bKerala Bhasha Institutec1975 a439 aEconomics cBK c9576d9576